| 000 | 00852nam a22001937a 4500 | ||
|---|---|---|---|
| 005 | 20120827122917.0 | ||
| 010 | _aB-464210 | ||
| 035 | _aB-464210 | ||
| 037 |
_adpl _bAllied Pub/Ven |
||
| 082 | _a333.91150954 | ||
| 245 | _aWater Resources Development Atlas of India/ | ||
| 260 |
_aCalcutta _bNational Atlas and thematic Mapping organisation _c1996 |
||
| 270 |
_aDepartment of science and technology _bKolkata |
||
| 300 |
_a33 plates. _b55cm (Hb) |
||
| 500 | _aIt includes Maps | ||
| 942 |
_2ddc _cEN _mWAT _h333.91150954 |
||
| 999 |
_c69358 _d69358 |
||